| 000 | 00473nam a22001817a 4500 | ||
|---|---|---|---|
| 003 | OSt | ||
| 008 | 250425b |||||||| |||| 00| 0 eng d | ||
| 020 | _a9789384266892 | ||
| 082 | _a543.8 KHP | ||
| 100 | _aKhan, Zamir.G | ||
| 245 | _aPractical Book of Instrumental Methods of Analysis | ||
| 260 |
_aDelhi _bBirla _c2023 |
||
| 300 | _avi,68 | ||
| 650 | _aInstrumental Method of Analysis | ||
| 700 | _aPatil, Prashant.B | ||
| 700 | _aShaikh, Martin.S | ||
| 942 |
_2ddc _cBK |
||
| 999 |
_c13440 _d13440 |
||